Spain revenues : national - provincial - municipal - corporative - colonial (Record no. 2368)

000 -LEADER
fixed length control field 00523nam a22000977a 4500
008 - FIXED-LENGTH DATA ELEMENTS--GENERAL INFORMATION
fixed length control field 170417b xxu||||| |||| 00| 0 eng d
100 ## - MAIN ENTRY--AUTHOR'S NAME
Author's Name Barata, Paulo
245 ## - TITLE STATEMENT
Title Spain revenues : national - provincial - municipal - corporative - colonial
260 ## - PUBLICATION, DISTRIBUTION, ETC. (IMPRINT)
Place of publication, distribution, etc. [Lisbon], Portugal
Name of publisher, distributor, etc. Publifil
Date of publication, distribution, etc. 1991
650 ## - TOPICAL TERM (Tag)
Topical term or geographic name Spain | Spanish Colonies | Revenues | Catalogs and Price Lists | Cinderella Material | Cuba (1873-) | Antilles (1855-1873) | Philippines | Puerto Rico | Spanish Guinea (1901-1960) | Spanish Morocco (1914-1956) | Morocco (1956-)
Holdings
Withdrawn status Lost status Source of classification or shelving scheme Damaged status Koha normalized classification for sorting Not for loan Permanent Location Current Location Shelving location Date acquired Total Checkouts Full call number Barcode Date last seen Copy number Price effective from Public note
        G6561 R451 B226   Northern Philatelic Library Northern Philatelic Library Closed Stacks 04/17/2017   G6561 R451 B226 1003121 04/17/2017 1 04/17/2017 in closed stacks

Powered by Koha